000 01468nam a22002657a 4500
999 _c1230
_d1230
001 004401
003 CoMeUDC004401
005 20190206000911.0
008 100118s2009 ck fr 000 0 spa d
020 _a9789587104608
040 _aCO-BoUEX
_cCoMeUDC
041 _aspa
043 _as-ck----
092 _a344
_bR696a
100 1 _aRodríguez-Arana Muñoz, Jaime
245 0 _aAproximación al derecho administrativo constitucional /
_cJaime Rodríguez-Arana Muñoz
260 _aBogotá :
_bUniversidad Externado de Colombia,
_c2009
300 _a372 p.
440 _aSerie Derecho administrativo
_v; 8.
504 _aIncluye bibliografía.
505 _aConcepto y evolución histórico. La perspectiva constitucional. Los principios generales del derecho en la jurisprudencia administrativa. Especial referencia al principio de seguridad jurídica y a la elaboración de las normas jurídicas. Ley y reglamento en el derecho administrativo. La centralidad de los usuariosy consumidores y el interés general. El interés general en el levantamiento de la suspensión de la OPA de gas natural sobre Endesa (la relevancia del interés general para el derecho administrativo. El modo constitucional de descentralización política y territorial. El estado autonómico español. El marco constitucional del acceso a la función pública.
650 4 _aDERECHO ADMINISTRATIVO
650 4 _aConstitución y administración pública
942 _2ddc
_cBK